000 00497nam a2200193Ia 4500
003 SGT
020 _a9788173716119
082 _a5.133
_bHOR
100 _aHorowitz,Ellis
245 _aComputer Algorithms/C++
250 _a2nd Ed.
260 _bUniversity Press India Pvt. Ltd.
_aHayderabad
_c2008
300 _a774p.
650 _aCOMPUTER SCIENCE
653 _aDATA STRUCTURES, THE GREEDY METHOD, DYNAMIC PROGRAMMING
700 _aRajaswkaran,S
700 _aSahni,S
942 _2ddc
_cBK
_08
999 _c5063
_d5063